| 000 | 00550nam a2200181 a 4500 | ||
|---|---|---|---|
| 001 | 000037230 | ||
| 005 | 20200930080226.0 | ||
| 008 | 120313s2007 xxu d 000 0 spa d | ||
| 020 | _a978993458449 | ||
| 040 |
_aDO-SdBNP _bspa _cBNPHU |
||
| 082 |
_aR327.203 _bV635d |
||
| 100 | 1 |
_aVicioso Galán, Horacio, _d1968- _963645 |
|
| 245 | 1 | 0 |
_aDiccionario diplomático / _cHoracio Vicioso Galán. |
| 260 |
_a[s.l.] : _bBlurb, _c2007. |
||
| 300 |
_a208 p. ; _c18 cm. |
||
| 650 | 4 |
_aDiplomacia _vDICCIONARIOS _918194 |
|
| 910 | _aValidado. Control de calidad MFF | ||
| 999 |
_c36720 _d36720 |
||